Catálogo público

Estrategias para minimizar las pérdidas en el rendimiento causadas por el tizón de la espiga en trigo harinero / (Record no. 220795)

MARC details
000 -CABECERA
campo de control de longitud fija 02988nam a2200349 a 4500
003 - IDENTIFICADOR DEL NÚMERO DE CONTROL
campo de control OSt
005 - FECHA Y HORA DE LA ÚLTIMA TRANSACCIÓN
campo de control 20250819143357.0
007 - CAMPO FIJO DE DESCRIPCIÓN FÍSICA--INFORMACIÓN GENERAL
campo de control de longitud fija cr ||||||a|a|a
008 - DATOS DE LONGITUD FIJA--INFORMACIÓN GENERAL
campo de control de longitud fija 250812s2025 mx a|||fom||| 001 0 spa d
040 ## - FUENTE DE LA CATALOGACIÓN
Normas de descripción rda
100 1# - ENTRADA PRINCIPAL--NOMBRE DE PERSONA
Nombre de persona Arzola Mora, Victor Manuel
9 (RLIN) 190844
245 10 - MENCIÓN DE TÍTULO
Título Estrategias para minimizar las pérdidas en el rendimiento causadas por el tizón de la espiga en trigo harinero /
Mención de responsabilidad, etc. por Victor Manuel Arzola Mora; director de tesis Carlos Sanchez Villaseñor; secretario Héctor Eduardo Villaeñor; vocal Salvador Carranza González; suplente Jusn Celestino Molino Moreno; suplente Teresa Cervantes Martínez.
264 #1 - PRODUCCIÓN, PUBLICACIÓN, DISTRIBUCIÓN, FABRICACIÓN Y COPYRIGHT
Producción, publicación, distribución, fabricación y copyright Chapingo, México :
Nombre del de productor, editor, distribuidor, fabricante El autor,
Fecha de producción, publicación, distribución, fabricación o copyright 2024.
300 ## - DESCRIPCIÓN FÍSICA
Extensión 1 recurso en línea (68 páginas):
Otras características físicas cuadros, figuras.
336 ## - TIPO DE CONTENIDO
Fuente rdacontent
Término de tipo de contenido texto
Código de tipo de contenido txt
337 ## - TIPO DE MEDIO
Fuente rdamedia
Nombre/término del tipo de medio computadora
Código del tipo de medio c
338 ## - TIPO DE SOPORTE
Fuente rdacarrier
Nombre/término del tipo de soporte recurso en línea
Código del tipo de soporte cr
502 ## - NOTA DE TESIS
Tipo de título Ingeniero Agrónomo Especialista en Fitotecnia
Nombre de la institución que otorga el título Departamento de Enseñanza, Investigación y Servicio en Fitotecnia,
Año de obtención del título 2024.
Información miscelánea Licenciatura
504 ## - NOTA DE BIBLIOGRAFÍA, ETC.
Nota de bibliografía, etc. Incluye referencias bibliográficas: páginas 50-62.
520 ## - SUMARIO, ETC.
Sumario, etc. El Tizón de la Espiga, causado por Fusarium sp., (FHB) es una de las enfermedades más destructoras en el trigo harinero, reduciendo significativamente el rendimiento y la calidad del grano al contaminarlo con micotoxinas. En este estudio evaluó tres variedades de trigo (Heilo, Falcin y Ocoroni F86) y tres fungicidas (Tilt®, Nativo® y Folicur®) bajo condiciones controladas en dos ciclos productivos. Se midió el rendimiento, la altura de planta, días a madurez, y la incidencia de Fusarium en la espiga (FEsp), todas las variables fueron analizadas mediante ANOVA y correlaciones La variedad Heilo presentó la menor incidencia de Fusarium y el mayor rendimiento, especialmente cuando se combinó con los fungicidas Tilt® y Nativo®, que redujeron significativamente el FHB. Ocoroni F86 fue la variedad más susceptible, con bajos rendimientos incluso bajo control químico. La correlación negativa entre altura y FEsp sugiere que las plantas más altas pueden estar menos expuestas a Fusarium. Se concluye que la implementación de estrategias integradas que combinen variedades resistentes y fungicidas efectivos es clave para minimizar las pérdidas por FHB. Estos resultados refuerzan la importancia de enfoques sostenibles para la producción de trigo en zonas afectadas por este patógeno.
650 #4 - PUNTO DE ACCESO ADICIONAL DE MATERIA--TÉRMINO DE MATERIA
Término de materia o nombre geográfico como elemento de entrada Fusarium head blight
Subdivisión general Control
9 (RLIN) 191090
650 #4 - PUNTO DE ACCESO ADICIONAL DE MATERIA--TÉRMINO DE MATERIA
Término de materia o nombre geográfico como elemento de entrada Fusarium head blight
Subdivisión general Control
9 (RLIN) 191090
650 #4 - PUNTO DE ACCESO ADICIONAL DE MATERIA--TÉRMINO DE MATERIA
Término de materia o nombre geográfico como elemento de entrada Fungicidas
Subdivisión general Análisis
9 (RLIN) 44045
650 #4 - PUNTO DE ACCESO ADICIONAL DE MATERIA--TÉRMINO DE MATERIA
Término de materia o nombre geográfico como elemento de entrada Trigo harinero
Subdivisión general Rendimiento
9 (RLIN) 191089
700 1# - PUNTO DE ACCESO ADICIONAL--NOMBRE DE PERSONA
Nombre de persona Sánchez Abarca, Carlos
9 (RLIN) 107301
Término indicativo de función/relación director.
700 1# - PUNTO DE ACCESO ADICIONAL--NOMBRE DE PERSONA
Nombre de persona Villaseñor Mir, Héctor Eduardo
9 (RLIN) 119697
Término indicativo de función/relación secretario.
700 1# - PUNTO DE ACCESO ADICIONAL--NOMBRE DE PERSONA
Nombre de persona Carranza González, Salvador
9 (RLIN) 135399
Término indicativo de función/relación vocal.
700 1# - PUNTO DE ACCESO ADICIONAL--NOMBRE DE PERSONA
Nombre de persona Molino Moreno, Juan Celestino
9 (RLIN) 190908
Término indicativo de función/relación suplente.
700 1# - PUNTO DE ACCESO ADICIONAL--NOMBRE DE PERSONA
Nombre de persona Cervantes Martínez, Teresa
Término indicativo de función/relación suplente.
9 (RLIN) 21588
856 ## - LOCALIZACIÓN Y ACCESO ELECTRÓNICOS
Identificador Uniforme del Recurso http://10.13.5.2/tesis/tl/1910136-6_ARZOLA_MORA_VICTORMANUEL.pdf
Nota pública DESCARGAR PDF
942 ## - ELEMENTOS DE PUNTO DE ACCESO ADICIONAL (KOHA)
Fuente del sistema de clasificación o colocación Clasificación Universidad Autónoma Chapingo
Tipo de ítem Koha Tesis digital
Holdings
Estado de retiro Estado de pérdida Fuente del sistema de clasificación o colocación Estado dañado Restricciones de uso No para préstamo Código de colección Localización permanente Ubicación/localización actual Ubicación en estantería Fecha de adquisición Total de préstamos Signatura topográfica completa Fecha visto por última vez Precio válido a partir de Tipo de ítem Koha
    Clasificación Universidad Autónoma de Chapingo   Préstamo interno   Tesis digitales de Licenciatura Biblioteca Digital Biblioteca Digital En línea 19/08/2025   Tesis digital 19/08/2025 19/08/2025 Tesis digital